000
00279nam a22001337a 4500
008
170825b xxu||||| |||| 00| 0 eng d
020
_a
adl0058u
041
_a
eng
080
_2
10TH
_a
070
100
_a
39
101
_a
MED
245
_a
INTERPLAY
_c
ADLER,R.B
942
_2
udc
_c
BK
999
_c
25065
_d
25065